000 00902cam a22002653a 4500
001 13433
003 PGUSA
005 20140828083305.0
008 040911s2004||||xxu|||||s|||||000 e eng d
040 _aPGUSA
_beng
042 _adc
050 4 _aBL
100 1 _aCassels, Walter Richard,
_d1826-1907
245 1 2 _aA Reply to Dr. Lightfoot's Essays :
_bBy the Author of "Supernatural religion"
_h[electronic resource] /
_cWalter Richard Cassels
260 _bProject Gutenberg,
_c2004
506 _aPublic domain in the USA.
516 _aElectronic text
653 _aBible. New Testament -- Criticism, interpretation, etc.
653 _aLightfoot, Joseph Barber, 1828-1889. Essays on the work entitled Supernatural religion
653 _aFathers of the church
653 _aMiracles
830 0 _aProject Gutenberg
_v13433
856 4 0 _uhttp://www.gutenberg.org/ebooks/13433
942 _cEB
999 _c242688
_d242688